[Event "FIDE WCCC U12 2018"]
[Site "Santiago de Compostela"]
[Date "2018.11.04"]
[Round "1"]
[White "McKennis, Darren"]
[Black "Tian, Eddy"]
[Result "1/2-1/2"]
[WhiteElo "1598"]
[BlackElo "2151"]
[Annotator "TA"]
[PlyCount "123"]
[EventDate "2018.11.04"]
[EventType "swiss"]
[EventCountry "ESP"]
[SourceTitle "playchess.com"]
[Source "ChessBase"]
[SourceQuality "1"]

{[%evp 10,123,28,0,39,8,6,6,21,26,24,0,2,2,2,2,0,0,3,-25,-15,-21,22,-29,-25,-29,-27,-35,-20,-21,-14,-18,-16,-37,-35,-45,-4,-23,-26,-66,-45,-44,-10,-23,0,-18,-5,-18,0,0,40,40,44,44,66,70,71,43,37,13,12,20,21,0,0,0,34,0,0,0,0,0,23,25,42,42,42,18,20,10,10,0,0,0,24,0,0,0,0,0,0,0,0,0,0,0,0,0,0,0,0,0,0,0,0,0,0,0,74,71,24,0,120,0,0,0]} 1. d4 Nf6 2. Bf4 c5 3. dxc5 Qa5+ (3... Nc6 4. Nc3 e5 5. Bg5 Bxc5 6. e3 Bb4 7. Nge2 d5 8. a3 Bxc3+ 9. Nxc3 Be6 10. Bb5 d4 11. Bxf6 Qxf6 {½-½ (42) Aronian,L (2799)-Kasparov,G (2812) Saint Louis 2017}) 4. Nc3 Ne4 5. Bd2 Nxd2 6. Qxd2 {LiveBook: 3 Games. A45: Trompowsky Attack} Nc6 $146 ({Predecessor:} 6... Qxc5 7. Nf3 e6 8. e4 a6 9. Be2 b5 10. a3 Be7 11. O-O O-O {0-1 (46) Nagy,D (2241)-Gyorkos,L (2395) Hungary 2011}) 7. Nd5 Qxd2+ $1 8. Kxd2 {[#] Nc7+ is the strong threat.} Kd8 {[%cal Be8d8,Bd8c7,Bc7d6,Bd6e7][%mdl 32]} 9. Nc3 e6 10. Ne4 Kc7 11. Nf3 f5 12. Nd6 Bxd6 13. cxd6+ Kxd6 14. Ng5 {[#] Hoping for Nf7+.} Ke7 15. f4 Nb4 16. a3 (16. Re1 $142) 16... Nd5 $11 17. g3 Nf6 18. Bg2 h6 19. Nh3 d5 20. Nf2 Rd8 21. Ke3 Bd7 22. Bf3 Ne4 (22... g5 {looks sharper.} 23. Rhc1 Bb5 24. Nd3 d4+ 25. Kf2 Ne4+) 23. Bxe4 dxe4 24. Rhd1 Rac8 25. Rd2 Rc7 26. Nd1 Rdc8 27. Nc3 b6 28. Rad1 Rxc3+ 29. bxc3 Rxc3+ {[%mdl 4096] Endgame KRR-KRB} 30. Kd4 Rxa3 31. c4 Bc6 32. Rb2 {[%mdl 1024] White has compensation.} Ba4 33. Rdd2 Bb3 $1 34. Kc3 Bd1+ $1 35. Kb4 Ra4+ $1 36. Kc3 Ra3+ 37. Kd4 Bb3 $1 38. c5 bxc5+ 39. Kxc5 {And now Kb4 would win.} a5 40. Kb5 a4 41. Rb1 $1 Ra2 42. Rxa2 Bxa2 $14 {KR-KB} 43. Ra1 Bb3 44. Kc5 Kf6 45. Kd4 g5 46. e3 gxf4 47. exf4 Ke7 48. Ke5 h5 49. h4 Kf7 50. Kd6 Ke8 51. Rb1 Kd8 52. Rc1 Ke8 53. Rc3 Kf7 54. Rc7+ Kf6 {aiming for ...a3.} 55. Rc3 Bd1 56. Re3 Bc2 57. Rc3 Bd3 58. Ra3 Bb5 (58... Bc2 $1 $11) 59. Kc5 $16 Bd7 60. Kd6 Be8 (60... Bb5 $1 $11 {remains equal.}) 61. Rc3 (61. Ra1 $16) 61... Bb5 $1 $11 62. Ra3 {Precision: White = 54%, Black = 55%.} 1/2-1/2

[Event "FIDE WCCC U12 2018"]
[Site "Santiago de Compostela"]
[Date "2018.11.04"]
[Round "1"]
[White "Macias de Castro, Alberto"]
[Black "Vergara Anton, Diego"]
[Result "0-1"]
[WhiteElo "1586"]
[BlackElo "2132"]
[Annotator "ChessBase"]
[PlyCount "58"]
[EventDate "2018.11.04"]
[EventType "swiss"]
[EventCountry "ESP"]
[SourceTitle "playchess.com"]
[Source "ChessBase"]
[SourceQuality "1"]
[TimeControl "40/5400+30:1800+30"]

1. e4 {[%emt 0:00:00]} e6 {[%emt 0:00:00]} 2. d4 {[%emt 0:01:17]} d5 {[%emt 0:00:00]} 3. exd5 {[%emt 0:01:00]} exd5 {[%emt 0:00:00]} 4. Bd3 {[%emt 0:01:54]} Nc6 {[%emt 0:00:31]} 5. c3 {[%emt 0:01:29]} Bd6 {[%emt 0:03:12]} 6. Qc2 {[%emt 0:01:28]} h6 {[%emt 0:04:44]} 7. Nf3 {[%emt 0:02:55]} Bg4 {[%emt 0:02:47]} 8. Nbd2 {[%emt 0:05:15]} Qe7+ {[%emt 0:00:53]} 9. Be2 {[%emt 0:02:12]} O-O-O {[%emt 0:00:23]} 10. h3 {[%emt 0:02:19]} Bd7 {[%emt 0:02:07]} 11. Nb3 {[%emt 0:14:21]} Re8 {[%emt 0:02:37]} 12. Be3 {[%emt 0:02:43]} f5 {[%emt 0:01:22]} 13. g3 {[%emt 0:10:43]} Bxg3 {[%emt 0:03:47]} 14. Nc5 {[%emt 0:06:09]} Qxe3 {[%emt 0:02:23]} 15. fxg3 {[%emt 0:00:48]} Qxf3 {[%emt 0:00:47]} 16. Rg1 {[%emt 0:00:58]} Qe3 {[%emt 0:01:35]} 17. Rg2 {[%emt 0:01:23]} Nf6 {[%emt 0:06:08]} 18. Rd1 {[%emt 0:01:21]} f4 {[%emt 0:04:07]} 19. Rd3 {[%emt 0:00:59]} Qe7 {[%emt 0:00:07]} 20. gxf4 {[%emt 0:00:18]} Bf5 {[%emt 0:05:36]} 21. Qb3 {[%emt 0:00:38]} Na5 {[%emt 0:00:18]} 22. Qb5 {[%emt 0:01:57]} Bxd3 {[%emt 0:00:25]} 23. Nxd3 {[%emt 0:00:33]} Nc4 {[%emt 0:00:41]} 24. Nc5 {[%emt 0:00:38]} c6 {[%emt 0:01:17]} 25. Qa4 {[%emt 0:01:00]} Kb8 {[%emt 0:00:23]} 26. Qb4 {[%emt 0:02:40]} Ne3 {[%emt 0:02:13]} 27. Na6+ {[%emt 0:01:23]} Ka8 {[%emt 0:00:21]} 28. Qxe7 {[%emt 0:04:49]} Nxg2+ {[%emt 0:00:10]} 29. Kf2 {[%emt 0:00:05]} Rxe7 {[%emt 0:00:06]} 0-1

[Event "FIDE WCCC U12 2018"]
[Site "Santiago de Compostela"]
[Date "2018.11.04"]
[Round "1"]
[White "Snitsarenko, Igor"]
[Black "Nguyen, Quoc Hy"]
[Result "*"]
[WhiteElo "1573"]
[BlackElo "2117"]
[Annotator "TA"]
[PlyCount "29"]
[EventDate "2018.11.04"]
[EventType "swiss"]
[EventCountry "ESP"]
[SourceTitle "playchess.com"]
[Source "ChessBase"]
[SourceQuality "1"]

{[%evp 11,12,2,-6]} 1. e4 c5 2. Nf3 a6 3. d4 cxd4 4. Nxd4 Nf6 5. Nc3 e5 6. Nb3 Bb4 {Predecessor:} 7. Bd3 $146 Bxc3+ 8. bxc3 O-O 9. O-O d6 10. Bg5 Nbd7 11. Qd2 h6 12. Be3 Ng4 13. Rfd1 Ndf6 14. c4 Be6 15. c5 {0-1 (32) Sukandar,I (2396)-Hou,Y (2661) Tromsoe 2014} *

[Event "FIDE WCCC U12 2018"]
[Site "Santiago de Compostela"]
[Date "2018.11.05"]
[Round "2"]
[White "Yoo, Christopher Woojin"]
[Black "Oberoi, Shelev"]
[Result "1-0"]
[WhiteElo "2407"]
[BlackElo "1935"]
[Annotator "RC"]
[PlyCount "89"]
[EventDate "2018.11.04"]
[EventType "swiss"]
[EventCountry "ESP"]
[SourceTitle "playchess.com"]
[Source "ChessBase"]
[SourceQuality "1"]
[TimeControl "40/5400+30:1800+30"]

1. e4 {[%emt 0:00:00]} e5 {[%emt 0:00:00]} 2. Nf3 {[%emt 0:00:00]} Nc6 {[%emt 0:00:00]} 3. Bb5 {[%emt 0:00:00]} a6 {[%emt 0:00:00]} 4. Ba4 {[%emt 0:00:00]} d6 {[%emt 0:00:00]} 5. Bxc6+ {[%emt 0:00:02]} bxc6 {[%emt 0:00:00]} 6. d4 {[%emt 0:00:06]} f6 {[%emt 0:00:51]} 7. h3 {[%emt 0:02:21]} Ne7 {[%emt 0:01:13]} 8. Nc3 {[%emt 0:04:32]} Ng6 {[%emt 0:01:34]} 9. Be3 {[%emt 0:03:03]} Be7 {[%emt 0:02:23]} 10. Qd3 {[%emt 0:12:29]} Be6 {[%emt 0:02:33]} 11. O-O-O {[%emt 0:06:06]} Qc8 {[%emt 0:04:35]} 12. d5 {[%emt 0:06:39]} cxd5 {[%emt 0:12:42]} 13. Nxd5 {[%emt 0:00:27]} Qb7 {[%emt 0:07:29]} 14. Qc4 {[%emt 0:03:20]} Kf7 {[%emt 0:01:26]} 15. Qa4 {[%emt 0:04:27]} Rab8 {[%emt 0:04:55]} 16. b3 {[%emt 0:01:07]} Rhd8 {[%emt 0:05:51]} 17. Ne1 {[%emt 0:09:25]} Bxd5 {[%emt 0:08:06]} 18. Rxd5 {[%emt 0:00:32]} c6 {[%emt 0:03:05]} 19. Ra5 {[%emt 0:02:37]} Ra8 {[%emt 0:12:41]} 20. Nd3 {[%emt 0:02:34]} Rd7 {[%emt 0:03:29]} 21. Nb4 {[%emt 0:03:47]} c5 {[%emt 0:05:08]} 22. Nxa6 {[%emt 0:03:24]} Qc8 {[%emt 0:06:28]} 23. Qc4+ {[%emt 0:09:02]} Kf8 {[%emt 0:00:29]} 24. b4 {[%emt 0:00:56]} cxb4 {[%emt 0:06:47]} 25. Qxc8+ {[%emt 0:00:07]} Rxc8 {[%emt 0:00:04]} 26. Nxb4 {[%emt 0:00:17]} Rc4 {[%emt 0:03:57]} 27. Nd5 {[%emt 0:00:24]} Rxe4 {[%emt 0:00:33]} 28. f3 {[%emt 0:00:35]} Rh4 {[%emt 0:00:41]} 29. g3 {[%emt 0:02:05]} Rh5 {[%emt 0:00:20]} 30. g4 {[%emt 0:02:21]} Rh4 {[%emt 0:00:12]} 31. Rb5 {[%emt 0:02:16]} Bd8 {[%emt 0:03:12]} 32. a4 {[%emt 0:01:43]} Ne7 {[%emt 0:00:30]} 33. Nxe7 {[%emt 0:01:55]} Kxe7 {[%emt 0:00:10]} 34. a5 {[%emt 0:00:17]} Rc7 {[%emt 0:01:33]} 35. a6 {[%emt 0:00:15]} Rc8 {[%emt 0:01:33]} 36. Rb7+ {[%emt 0:00:53]} Bc7 {[%emt 0:02:14]} 37. Bb6 {[%emt 0:00:27]} Kd7 {[%emt 0:00:29]} 38. a7 {[%emt 0:00:16]} Kc6 {[%emt 0:00:12]} 39. Rxc7+ {[%emt 0:00:05]} Rxc7 {[%emt 0:00:03]} 40. a8=Q+ {[%emt 0:00:00]} Kxb6 {[%emt 0:00:00]} 41. Kd2 {[%emt 0:00:17]} Kc5 {[%emt 0:01:58]} 42. Ra1 {[%emt 0:00:27]} Kd4 {[%emt 0:01:02]} 43. Qe4+ {[%emt 0:00:14]} Kc5 {[%emt 0:00:05]} 44. Ra5+ {[%emt 0:00:04]} Kb6 {[%emt 0:00:27]} 45. Qb4+ {[%emt 0:00:06]} 1-0

[Event "FIDE WCCC U12 2018"]
[Site "Santiago de Compostela"]
[Date "2018.11.05"]
[Round "2"]
[White "Guo, Arthur"]
[Black "Haack, Kevin"]
[Result "1-0"]
[WhiteElo "2333"]
[BlackElo "1911"]
[Annotator "TA"]
[PlyCount "150"]
[EventDate "2018.11.04"]
[EventType "swiss"]
[EventCountry "ESP"]
[SourceTitle "playchess.com"]
[Source "ChessBase"]
[SourceQuality "1"]

{[%evp 18,150,67,71,86,65,75,57,68,66,70,34,32,29,52,45,75,49,102,66,111,71,83,63,119,79,194,101,110,94,155,158,152,153,123,144,140,143,183,185,167,164,198,185,208,192,216,229,414,430,698,698,675,675,629,629,581,431,362,230,422,206,183,183,376,368,377,337,303,277,278,270,278,274,278,275,275,278,260,233,302,358,314,168,331,327,272,247,345,308,357,357,358,358,358,358,815,812,1014,744,726,680,1817,875,5097,5102,5528,2850,29949,29951,12820,29964,29964,29965,29983,29976,29978,29976,29980,29981,29981,29984,29991,29992,29992,29993,29993,29990,29989,29990,29990,29991,29991,29992,29992]} 1. e4 c5 2. Nf3 d6 3. d4 cxd4 4. Nxd4 Nf6 5. Nc3 g6 6. Be3 Bg7 7. f3 Nc6 8. Qd2 Bd7 9. O-O-O h5 10. Kb1 Rc8 {B75: Sicilian Dragon: Yugoslav Attack, Miscellaneous} 11. h3 (11. Be2 a6 12. g3 Ne5 13. h3 b5 14. g4 b4 15. Nd5 Nxd5 16. exd5 a5 17. Bg5 Qb6 18. f4 {1-0 (43) Almasi,Z (2682)-Adnani,M (2448) Riadh 2017}) 11... a6 12. Be2 {[%cal Bf1e2,Be2f3,Bf3g4][%mdl 32]} h4 {White is slightly better.} 13. f4 b5 14. Nxc6 $146 ({Predecessor:} 14. Bf3 Qc7 15. Nb3 b4 16. Na4 {1-0 (52) Kolarik,J (2247)-Heilala,T (2196) ICCF email 2015}) 14... Bxc6 15. Bf3 Qc7 16. Bd4 Kf8 17. Rhe1 Ne8 (17... b4 $14) 18. Bg4 Rd8 19. f5 gxf5 20. Bxf5 e6 21. Bg4 Qe7 {[#]} (21... b4 $16 {was called for.}) 22. Qf2 (22. Bxg7+ $1 $18 Kxg7 23. Rf1) 22... Bxd4 23. Qxd4 {[%cal Rd4h8]} e5 (23... Rh7 $142) 24. Qb6 $16 Qc7 25. Qe3 Nf6 26. Rf1 Nxg4 27. hxg4 b4 28. Nd5 Bxd5 29. exd5 Rc8 30. Rf2 Qd7 31. Rdf1 {Qe4 is the strong threat.} Rh7 32. Qe4 Rg7 $2 (32... Kg8 33. Qxb4 a5) 33. g5 $18 Rxg5 (33... Kg8 $142 34. Qxh4 (34. Qxb4 Qe7 $18) 34... Rh7 35. Qxb4 Rg7) 34. Qxh4 Rg7 {If Black can now play ...Kg8 this consolidates a bit.} 35. Qh8+ Rg8 36. Qh6+ Ke8 37. Qh7 Rf8 {[#]} 38. g4 $1 {[%mdl 512]} f6 $2 (38... Rc4 39. g5 f5 40. Qg6+ Kd8 41. Rxf5 Rxf5 42. Rxf5 Rf4 43. Qf6+ Qe7 44. Rxf4 exf4 45. Qxf4 Qe1+ 46. Qc1 Qe4) (38... Qxg4 39. Rxf7) 39. Qg6+ (39. Qh5+ $142 Qf7 40. Rxf6 Qxh5 41. Rxf8+ (41. gxh5 Rxf6 42. Rxf6 Ke7 $16) 41... Ke7 42. Rxc8) 39... Qf7 40. Qe4 ({But not} 40. Rxf6 $6 Qxg6 41. Rxf8+ Kd7 $14) ({And not} 40. Qxf6 Qxf6 41. Rxf6 Rxf6 $11) 40... Qg7 $2 (40... Rc5 {might work better.} 41. Qxb4 a5 42. Qb8+ Kd7 43. Rxf6 Qxf6 44. Qb7+ (44. Qxf8 Qxf8 45. Rxf8 Rxd5 $14) 44... Ke8 45. Rxf6 Rxf6) 41. Qxb4 Kd7 42. Qa4+ Ke7 43. Qxa6 {Threatening mate with Qb7+.} Qxg4 44. Qb7+ Qd7 45. Qxd7+ Kxd7 46. Rxf6 Rxf6 47. Rxf6 {[%mdl 4096] Endgame KR-KR} Rc5 {[#]} 48. Rf7+ $1 Ke8 49. Rh7 Rxd5 {[%cal Rd5d1]} 50. Kc1 (50. b4 $142) 50... e4 $2 (50... Ra5 51. a3 Ra4) 51. Rh4 Re5 52. Kd2 Kd7 53. Ke3 d5 54. Kd4 Rg5 55. Rh2 Kc6 56. a4 {[%cal Ba2a4,Ba4a5,Ba5a6][%mdl 32]} Kb6 $2 (56... e3 57. Kxe3 Rg3+ 58. Kd2 Kc5) 57. b4 {[%cal Bb2b4,Bb4b5][%mdl 32]} Kc6 58. c3 Rg3 59. b5+ Kb7 {Now ...Rd3+ and Black clings on.} 60. Kxd5 Rxc3 61. a5 e3 62. Kd4 Ra3 63. Rh7+ Kb8 64. a6 e2 {White mates.} 65. Re7 Rh3 66. Rxe2 Rh4+ 67. Kd5 Rh5+ 68. Re5 Rh6 69. Re6 Rh5+ 70. Kc6 Rh8 71. b6 Rg8 72. Kd7 Rg7+ 73. Re7 Rg8 74. Re8+ Rxe8 75. Kxe8 Kc8 {Precision: White = 66%, Black = 30%.} 1-0

[Event "FIDE WCCC U12 2018"]
[Site "Santiago de Compostela"]
[Date "2018.11.05"]
[Round "2"]
[White "Guo, Arthur"]
[Black "Haack, Kevin"]
[Result "*"]
[WhiteElo "2333"]
[BlackElo "1911"]
[Annotator "RC"]
[PlyCount "113"]
[EventDate "2018.11.04"]
[EventType "swiss"]
[EventCountry "ESP"]
[SourceTitle "playchess.com"]
[Source "ChessBase"]
[SourceQuality "1"]
[TimeControl "40/5400+30:1800+30"]

1. e4 {[%emt 0:00:00]} c5 {[%emt 0:00:00]} 2. Nf3 {[%emt 0:00:00]} d6 {[%emt 0:00:00]} 3. d4 cxd4 {[%emt 0:00:00]} 4. Nxd4 {[%emt 0:00:00]} Nf6 {[%emt 0:00:00]} 5. Nc3 {[%emt 0:00:15]} g6 {[%emt 0:00:00]} 6. Be3 {[%emt 0:00:29]} Bg7 {[%emt 0:00:10]} 7. f3 {[%emt 0:00:30]} Nc6 {[%emt 0:00:08]} 8. Qd2 {[%emt 0:00:10]} Bd7 {[%emt 0:00:43]} 9. O-O-O {[%emt 0:00:28]} h5 {[%emt 0:01:17]} 10. Kb1 {[%emt 0:01:21]} Rc8 {[%emt 0:00:30]} 11. h3 {[%emt 0:02:05]} a6 {[%emt 0:02:13]} 12. Be2 {[%emt 0:03:49]} h4 {[%emt 0:07:32]} 13. f4 {[%emt 0:05:50]} b5 {[%emt 0:06:50]} 14. Nxc6 {[%emt 0:08:36]} Bxc6 {[%emt 0:00:30]} 15. Bf3 {[%emt 0:01:26]} Qc7 {[%emt 0:06:56]} 16. Bd4 Kf8 {[%emt 0:06:05]} 17. Rhe1 {[%emt 0:17:42]} Ne8 {[%emt 0:10:40]} 18. Bg4 {[%emt 0:00:30]} Rd8 {[%emt 0:02:40]} 19. f5 {[%emt 0:12:07]} gxf5 {[%emt 0:07:45]} 20. Bxf5 {[%emt 0:00:30]} e6 {[%emt 0:00:30]} 21. Bg4 Qe7 {[%emt 0:14:57]} 22. Qf2 {[%emt 0:07:04]} Bxd4 {[%emt 0:00:11]} 23. Qxd4 {[%emt 0:00:35]} e5 24. Qb6 {[%emt 0:01:26]} Qc7 {[%emt 0:02:26]} 25. Qe3 {[%emt 0:00:39]} Nf6 {[%emt 0:02:13]} 26. Rf1 {[%emt 0:01:27]} Nxg4 {[%emt 0:01:28]} 27. hxg4 {[%emt 0:00:07]} b4 {[%emt 0:01:24]} 28. Nd5 {[%emt 0:00:30]} Bxd5 {[%emt 0:00:30]} 29. exd5 {[%emt 0:00:30]} Rc8 {[%emt 0:02:49]} 30. Rf2 {[%emt 0:00:22]} Qd7 {[%emt 0:03:42]} 31. Rdf1 {[%emt 0:00:44]} Rh7 {[%emt 0:00:21]} 32. Qe4 {[%emt 0:01:31]} Rg7 {[%emt 0:02:22]} 33. g5 {[%emt 0:00:41]} Rxg5 {[%emt 0:06:46]} 34. Qxh4 {[%emt 0:00:24]} Rg7 {[%emt 0:00:53]} 35. Qh8+ {[%emt 0:00:33]} Rg8 {[%emt 0:00:06]} 36. Qh6+ {[%emt 0:00:04]} Ke8 {[%emt 0:01:00]} 37. Qh7 {[%emt 0:01:55]} Rf8 {[%emt 0:00:40]} 38. g4 {[%emt 0:00:37]} f6 {[%emt 0:10:29]} 39. Qg6+ {[%emt 0:00:32]} Qf7 40. Qe4 {[%emt 0:00:00]} Qg7 {[%emt 0:00:00]} 41. Qxb4 {[%emt 0:00:59]} Kd7 {[%emt 0:04:11]} 42. Qa4+ {[%emt 0:00:30]} Ke7 {[%emt 0:01:19]} 43. Qxa6 Qxg4 44. Qb7+ {[%emt 0:01:39]} Qd7 {[%emt 0:00:39]} 45. Qxd7+ {[%emt 0:00:08]} Kxd7 {[%emt 0:00:01]} 46. Rxf6 {[%emt 0:00:14]} Rxf6 {[%emt 0:00:04]} 47. Rxf6 {[%emt 0:00:05]} Rc5 {[%emt 0:00:05]} 48. Rf7+ {[%emt 0:01:07]} Ke8 {[%emt 0:01:15]} 49. Rh7 {[%emt 0:00:05]} Rxd5 {[%emt 0:00:12]} 50. Kc1 {[%emt 0:00:50]} e4 {[%emt 0:05:03]} 51. Rh4 {[%emt 0:00:25]} Re5 {[%emt 0:00:03]} 52. Kd2 {[%emt 0:00:25]} Kd7 {[%emt 0:01:20]} 53. Ke3 {[%emt 0:00:35]} d5 {[%emt 0:00:12]} 54. Kd4 {[%emt 0:01:55]} Rg5 {[%emt 0:00:41]} 55. Rh2 {[%emt 0:02:28]} Kc6 {[%emt 0:01:07]} 56. a4 {[%emt 0:00:15]} Rg3 {[%emt 0:06:46]} 57. b4 {[%emt 0:05:28]} *

[Event "FIDE WCCC U12 2018"]
[Site "Santiago de Compostela"]
[Date "2018.11.05"]
[Round "2"]
[White "Kostolansky, Sebastian Lukas"]
[Black "Nahornyi, Ihor"]
[Result "1-0"]
[WhiteElo "2323"]
[BlackElo "1900"]
[Annotator "TA"]
[PlyCount "45"]
[EventDate "2018.11.04"]
[EventType "swiss"]
[EventCountry "ESP"]
[SourceTitle "playchess.com"]
[Source "ChessBase"]
[SourceQuality "1"]

{[%evp 22,45,82,75,191,191,211,190,362,341,355,325,885,562,29997,1885,1658,1641,1637,1560,2184,1979,2220,1038,1185,1143]} 1. e4 c5 2. Nf3 e6 3. d4 cxd4 4. Nxd4 a6 5. Bd3 Nf6 6. O-O Qc7 7. Qe2 d6 8. c4 Nbd7 9. f4 Be7 10. Nc3 O-O 11. Be3 b6 {B42: Sicilian: Kan Variation: 5 Bd3} 12. g4 {LiveBook: 3 Games} h6 (12... g6 $16) 13. g5 $18 hxg5 {White is clearly better.} 14. fxg5 Ne8 $2 {[#]} (14... Nh7 {was called for.}) 15. Rf3 $146 ({Predecessor:} 15. Nxe6 fxe6 16. e5 Nxe5 17. Qh5 Nxd3 18. g6 Rxf1+ 19. Rxf1 {1-0 (30) Huschenbeth,N (2581)-Karsay,P (2088) Neustadt an der Weinstrasse 2017}) 15... g6 16. Rh3 Kg7 $2 (16... Ne5 17. Qf2 Ng7) 17. Qf2 {Threatening mate with Qh4.} Rg8 {[#]} 18. Qh4 (18. Rh7+ $142 $1 {[%mdl 512]} Kxh7 19. Qh4+ Kg7 20. Qh6#) 18... Kf8 {[#]White is clearly winning.} 19. Nxe6+ $1 {[%mdl 512]} fxe6 20. Rf1+ Nef6 21. gxf6 Bxf6 22. Bg5 (22. e5 $142 Nxe5 23. Qxf6+ Ke8 24. Rh8 Rxh8 25. Qxh8+ Kd7 26. Qg7+ Kc6 27. Be4+ d5 {[#]} 28. Bxd5+ $1 {[%mdl 512]} exd5 29. Rf6+ Be6 30. Rxe6+ Kb7 31. Re7) 22... Qc5+ 23. Kh1 {Precision: White = 62%, Black = 21%.} 1-0

[Event "FIDE WCCC U12 2018"]
[Site "Santiago de Compostela"]
[Date "2018.11.05"]
[Round "2"]
[White "Ghazarian, Kirk"]
[Black "Maldonado Mena, German"]
[Result "1/2-1/2"]
[WhiteElo "2264"]
[BlackElo "1898"]
[Annotator "ChessBase"]
[PlyCount "89"]
[EventDate "2018.11.04"]
[EventType "swiss"]
[EventCountry "ESP"]
[SourceTitle "playchess.com"]
[Source "ChessBase"]
[SourceQuality "1"]
[TimeControl "40/5400+30:1800+30"]

1. d4 {[%emt 0:00:00]} Nf6 {[%emt 0:00:00]} 2. c4 {[%emt 0:00:00]} g6 {[%emt 0:00:08]} 3. g3 {[%emt 0:00:00]} Bg7 {[%emt 0:00:13]} 4. Bg2 {[%emt 0:00:00]} O-O {[%emt 0:00:16]} 5. Nc3 {[%emt 0:00:00]} d6 {[%emt 0:00:29]} 6. Nf3 {[%emt 0:00:02]} Nc6 {[%emt 0:00:45]} 7. O-O {[%emt 0:00:08]} e5 {[%emt 0:00:46]} 8. d5 {[%emt 0:00:24]} Ne7 {[%emt 0:00:27]} 9. e4 {[%emt 0:00:32]} Nd7 {[%emt 0:01:01]} 10. Ne1 {[%emt 0:00:28]} f5 {[%emt 0:01:02]} 11. Nd3 {[%emt 0:00:25]} Nf6 {[%emt 0:01:00]} 12. Bg5 {[%emt 0:02:07]} h6 {[%emt 0:01:34]} 13. Bxf6 {[%emt 0:00:18]} Bxf6 {[%emt 0:02:54]} 14. f3 {[%emt 0:01:51]} c6 {[%emt 0:07:19]} 15. Qd2 {[%emt 0:06:39]} cxd5 {[%emt 0:04:41]} 16. cxd5 {[%emt 0:01:51]} Qb6+ {[%emt 0:22:00]} 17. Kh1 {[%emt 0:00:23]} Bg7 {[%emt 0:06:45]} 18. Rac1 {[%emt 0:02:50]} fxe4 {[%emt 0:04:09]} 19. fxe4 {[%emt 0:00:27]} Bd7 {[%emt 0:00:24]} 20. b3 {[%emt 0:01:37]} Rxf1+ {[%emt 0:06:22]} 21. Bxf1 {[%emt 0:17:32]} Rf8 {[%emt 0:06:34]} 22. Bg2 {[%emt 0:06:54]} Kh7 {[%emt 0:01:22]} 23. Rf1 {[%emt 0:09:52]} Rxf1+ {[%emt 0:01:23]} 24. Bxf1 {[%emt 0:00:05]} Bf6 {[%emt 0:00:46]} 25. Kg2 {[%emt 0:10:57]} Bg5 {[%emt 0:03:24]} 26. Qf2 {[%emt 0:01:02]} Qxf2+ {[%emt 0:00:27]} 27. Kxf2 {[%emt 0:00:04]} h5 {[%emt 0:01:31]} 28. Nb2 {[%emt 0:00:42]} a6 {[%emt 0:02:36]} 29. a4 {[%emt 0:07:08]} Bd2 {[%emt 0:02:17]} 30. Na2 {[%emt 0:03:26]} b5 {[%emt 0:07:06]} 31. axb5 {[%emt 0:00:44]} axb5 {[%emt 0:00:15]} 32. Nd3 {[%emt 0:04:56]} Ba5 {[%emt 0:06:17]} 33. Kg2 {[%emt 0:03:54]} Kg7 {[%emt 0:02:16]} 34. Ndb4 {[%emt 0:04:27]} Nc8 {[%emt 0:01:36]} 35. Na6 {[%emt 0:03:49]} Na7 {[%emt 0:01:03]} 36. N6b4 {[%emt 0:04:09]} Kf7 {[%emt 0:00:57]} 37. Nc2 {[%emt 0:00:50]} Bd2 {[%emt 0:04:02]} 38. Kf2 {[%emt 0:00:25]} Bg4 {[%emt 0:01:22]} 39. Be2 {[%emt 0:00:20]} Bd7 {[%emt 0:00:03]} 40. Bd3 {[%emt 0:00:00]} Bg4 {[%emt 0:00:00]} 41. Na3 {[%emt 0:05:51]} Bd1 {[%emt 0:04:03]} 42. Bc2 {[%emt 0:00:40]} Bg4 {[%emt 0:07:41]} 43. Bd3 {[%emt 0:11:16]} Bd1 {[%emt 0:00:55]} 44. Bc2 {[%emt 0:00:35]} Bg4 {[%emt 0:00:08]} 45. Nb1 1/2-1/2